Les composition Réal Madrid Dortmund Final LDC 2024 - Statistiques

Statistiques générales
  • Ce quiz a été pris 160 fois
  • Le résultat moyen est 13 sur 22
Statistiques - réponses
Poste Joueur % Correct
Gardien Courtois
96%
Défenseur Carvajal
85%
Attaquant Rodrygo
85%
Défenseur Rüdiger
85%
Milieu Camavinga
80%
Milieu Kroos
80%
Défenseur Mendy
78%
Milieu Valverde
76%
Milieu Bellingham
75%
Gardien Kobel
66%
Défenseur Hummels
58%
Attaquant Vinicius Jr
55%
Attaquant Adeyemi
53%
Milieu Can
46%
Milieu Brandt
45%
Défenseur Nacho
45%
Défenseur Schlotterbeck
45%
Attaquant Sancho
38%
Attaquant Füllkrug
36%
Défenseur Maatsen
32%
Défenseur Ryerson
31%
Milieu Sabitzer
31%
Aucun quiz correspondant
Distribution des résultats
% des personnes avec chaque résultat
Percentile par nombre de réponses
Votre historique - résultats
Vous n’avez pas pris ce quiz